Monster Jam World Champion Drivers - Statistics

General Stats
  • This quiz has been taken 22 times
    5 since last reset
  • The average score is 43 of 50
Answer Stats
Hint Answer % Correct
WF9 Freestyle Adam Anderson
100%
WF14 Racing Adam Anderson
100%
WF15 Racing Adam Anderson
100%
WF17 Freestyle Adam Anderson
100%
WF19 Racing Adam Anderson
100%
WF1 Freestyle Dennis Anderson
100%
WF5 Racing Dennis Anderson
100%
WF7 Racing Dennis Anderson
100%
WF11 Racing Dennis Anderson
100%
WF18 Racing Ryan Anderson
100%
WF19 Freestyle Ryan Anderson
100%
WF15 Freestyle Todd Leduc
100%
WF16 Racing Todd Leduc
100%
WF24 Racing Todd Leduc
100%
WF1 Racing Tom Meents
100%
WF2 Racing Tom Meents
100%
WF2 Freestyle Tom Meents
100%
WF3 Racing Tom Meents
100%
WF3 Freestyle Tom Meents
100%
WF5 Freestyle Tom Meents
100%
WF7 Freestyle Tom Meents
100%
WF10 Racing Tom Meents
100%
WF12 Racing Tom Meents
100%
WF13 Racing Tom Meents
100%
WF14 Freestyle Tom Meents
100%
WF21 Freestyle Tom Meents
100%
WF4 Racing Brian Barthel
80%
WF22 Freestyle Colt Stephens
80%
WF10 Freestyle Damon Bradshaw
80%
WF6 Freestyle Jim Creten
80%
WF20 Racing Jim Creten
80%
WF4 Freestyle Jim Koehler
80%
WF12 Freestyle Jim Koehler
80%
WF18 Freestyle Lee O’ Donnell
80%
WF5 Freestyle Lupe Soza
80%
WF5 Freestyle Madusa
80%
WF6 Racing Madusa
80%
WF16 Freestyle Mike Vaters II
80%
WF24 Freestyle Blake Granger
60%
WF21 Racing Brandon Vinson
60%
WF13 Freestyle Cam McQueen
60%
WF11 Freestyle Charlie Pauken
60%
WF8 Racing John Seasock
60%
WF9 Racing John Seasock
60%
WF20 Freestyle Linsey Read
60%
WF17 Racing Morgan Kane
60%
WF8 Freestyle Pablo Huffaker
60%
WF22 Racing Tristan England
60%
WF23 Freestyle Tyler Menninga
60%
WF23 Racing Zack Garner
60%
No matching quizzes found
Score Distribution
Percent of People with Each Score
Percentile by Number Answered
Your Score History
You have not taken this quiz since the last reset